| 000 | 00665nam a2200193 4500 | ||
|---|---|---|---|
| 001 | 110072 | ||
| 003 | ES-SlBCS | ||
| 005 | 20210327224051.0 | ||
| 008 | 141118s fr ||||| |||| 00| 0 fre d | ||
| 020 |
_a2746502038 _q(br) |
||
| 040 |
_aES-SlBCS _bspa _drdc |
||
| 100 | 1 |
_aMaureille, Bruno _997603 |
|
| 245 | 1 | 4 |
_aLes premières sépultures _b[conférence tenue à la Cité des sciences et de l'industrie le 18 octobre 2003] _cBruno Maureille. |
| 260 |
_aParis : _bLe Pommier (Cité des sciences et de l'industrie), _c2004. |
||
| 300 |
_a123 p. : _bill ; _c16 cm. |
||
| 490 | 0 |
_aLe college de la cité _v11 |
|
| 490 | 0 | _aLes origenes de la culture | |
| 942 |
_2lcc _cBK |
||
| 999 |
_c457735 _d457735 |
||